| 000 | 00321nam a22001217a 4500 | ||
|---|---|---|---|
| 999 |
_c13263 _d13263 |
||
| 020 | _a9789699988400 | ||
| 082 | _a305.800 | ||
| 100 | _aAkbar S.Ahmad | ||
| 245 | _aPakistan Society Islam, Ethniciy and Leadership in South Asia | ||
| 260 |
_aLahore Pakistan _bPeace Publications _c2017 |
||
| 300 | _a264 pages | ||
| 942 | _cBK | ||